000 01958cam a22002775a 4500
001 L144059
002 17382
008 080612s2008 xxkd f v 001 0 eng d
020 _a9781859461907
035 _a(Sirsi) u144059
041 0 _aeng
050 0 4 _a692.8 $2 18
100 1 _aLupton, Sarah
245 0 0 _aGuide to IC05
260 _aLondon
_bRIBA
_c2008
300 _axi, 156p.
_bill.
_c25cm.
505 2 _aComparison with IFC98 -- Documents -- Obligations of the contractor -- Possession and completion -- Control of the works -- Sums properly due -- Certification -- Indemnity and insurance -- Default and termination -- Dispute resolution -- Appendices
520 _aIntended as a practical aid to those interested in the operation and administration of ICO5 and ICDO5, the two versions of the JCT Intermediate Building Contract (2005 edition). Outlines the form and why it might be chosen for use. Analyses the provisions, procedures and supplementary conditions of the contract in light of law and practice. Points out the key changes introduced by the contract to the 1998 version and comments on recent case law to show how the wording is applied in practice. Covers: contractor's obligations relating to quality and standard of work, including design implications; extensions of time; monitoring the standard of work; adjusting the contract sum; process of certification and dispute resolution. It does not cover how to fill out the relevant forms or provide a comprehensive legal commentary. Includes clause comparison table and list of relevant law cases.
521 _aAdvanced
590 _aKA
650 2 4 _aJCT INTERMEDIATE BUILDING CONTRACT (2005 EDITION)
650 2 4 _aJCT INTERMEDIATE BUILDING CONTRACT WITH CONTRACTOR'S DESIGN (2005 EDITION)
651 4 _aEngland and Wales
_y1543-
690 _aBUILT ENVIRONMENT-BUILDING CONTRACT FORMS-STANDARD FORMS OF BUILDING CONTRACT-JOINT CONTRACTS TRIBUNAL CONTRACTS
942 _n0
999 _c108370
_d108370